Members of the Holy Leagues - Statistics

General Stats
  • This quiz has been taken 8 times
  • The average score is 32 of 41
Answer Stats
Group Hint 1 Hint 2 Modern Country Answer % Correct
League of Cambrai (1508) State Louis XII - Kingdom of {France}
100%
Holy League (1538) Military Order Juan de Homedes - Knights {Hospitaller}
100%
Holy League (1571) Military Order Pierre de Monte - Knights {Hospitaller}
100%
Holy League (1717) Military Order Ramón Perellós - Knights {Hospitaller}
100%
Italic League (1454) State Pope Nicholas V Italy {Papal} States
100%
League of Cambrai (1508) State Pope Julius II Italy {Papal} States
100%
Holy League (1538) State Pope Paul III Italy {Papal} States
100%
Holy League (1571) State Pope Pius V Italy {Papal} States
100%
Holy League (1594) State Pope Clement VIII Italy {Papal} States
100%
Holy League (1684) State Pope Innocent XI Italy {Papal} States
100%
Holy League (1717) State Pope Clement XI Italy {Papal} States
100%
Italic League (1454) State Francesco I Sforza Italy Duchy of {Milan}
86%
League of Cambrai (1508) Empire Maximilian I Austria/Germany {Holy} {Roman} Empire
86%
Holy League (1594) Empire Rudolf II Austria/Germany {Holy} {Roman} Empire
86%
Holy League (1684) Empire Leopold I Austria/Germany {Holy} {Roman} Empire
86%
Italic League (1454) State Alfonso I Italy Kingdom of {Naples}
86%
Italic League (1454) State Cosimo de' Medici Italy Republic of {Florence}
86%
Holy League (1571) State Paolo Giustiniani Moneglia Italy Republic of {Genoa}
86%
Italic League (1454) State Francesco Foscari Italy Republic of {Venice}
86%
Holy League (1538) State Andrea Gritti Italy Republic of {Venice}
86%
Holy League (1571) State Alvise I Mocenigo Italy Republic of {Venice}
86%
Holy League (1684) State Marcantonio Giustinian Italy Republic of {Venice}
86%
Holy League (1717) State Giovanni II Cornaro Italy Republic of {Venice}
86%
Holy League (1538) State Charles I - Spain
86%
Holy League (1571) State Philip II - Spain
86%
Holy League (1594) State Philip II - Spain
86%
League of Cambrai (1508) State Ferdinand I(II) - Spain/Aragon
86%
Holy League (1684) State Peter I - Tsardom of {Russia}
86%
Holy League (1571) State Cosimo I de' Medici Italy Grand Duchy of {Tuscany}
71%
Holy League (1684) Federation John III Sobieski - {Polish}-{Lithuanian} Commonwealth
71%
Holy League (1594) State Sigismund Báthory Romania Principality of {Transylvania}
71%
Holy League (1594) State Michael the Brave Romania Principality of {Wallachia}
71%
Holy League (1571) Fief Ottavio Farnese Italy Duchy of {Parma}
57%
Holy League (1571) Fief Emmanuel Philibert France/Italy Duchy of {Savoy}
57%
Holy League (1594) State Aaron the Tyrant Romania Principality of {Moldavia}
57%
Holy League (1717) State John V - Portugal
43%
League of Cambrai (1508) State Alfonso I d'Este Italy Duchy of {Ferrara}
29%
Holy League (1571) Military Order Cosimo I de' Medici - Order of Saint {Stephen}
29%
Holy League (1571) Fief Guidobaldo II della Rovere Italy Duchy of {Urbino}
14%
Holy League (1594) Ethnic Group Jovan Kantul - Serbs
14%
Holy League (1594) Proto-State/People Severyn Nalyvaiko Ukraine Zaporozhian Sich/Cossacks
14%
No matching quizzes found
Score Distribution
Percent of People with Each Score
Percentile by Number Answered
Your Score History
You have not taken this quiz